[Event "33rd Pula Open 2019"]
[Site "Pula"]
[Date "2019.06.29"]
[Round "9.12"]
[White "Bratkovic, Sham"]
[Black "Franic, Milan"]
[Result "0-1"]
[WhiteElo "2237"]
[BlackElo "2379"]
[Annotator "NA"]
[PlyCount "106"]
[EventDate "2019.06.22"]
[EventType "swiss"]
[EventCountry "CRO"]
[SourceTitle "playchess.com"]
[Source "ChessBase"]
[SourceQuality "1"]
[TimeControl "5400+30"]

1. d4 {[%emt 0:01:30]} Nf6 {[%emt 0:01:30]} 2. c4 {[%emt 0:01:30]} e6 {[%emt 0:00:30]} 3. Nc3 {[%emt 0:01:30]} Bb4 {[%emt 0:00:00]} 4. e3 {[%emt 0:00:30]} O-O {[%emt 0:01:00]} 5. Bd3 {[%emt 0:00:30]} c5 {[%emt 0:03:30]} 6. Nf3 {[%emt 0:01:30]} d5 {[%emt 0:07:30]} 7. O-O {[%emt 0:00:30]} Nc6 {[%emt 0:02:30]} 8. a3 {[%emt 0:02:30]} Bxc3 {[%emt 0:00:30]} 9. bxc3 {[%emt 0:00:00]} dxc4 {[%emt 0:04:30]} 10. Bxc4 {[%emt 0:00:00]} Qe7 {[%emt 0:00:00]} 11. a4 {[%emt 0:05:30]} b6 {[%emt 0:04:00]} 12. Ba3 {[%emt 0:09:30]} Bb7 {[%emt 0:04:30]} 13. Qe2 {[%emt 0:03:30]} Rac8 {[%emt 0:08:30]} 14. Ba6 {[%emt 0:05:30]} Bxa6 {[%emt 0:13:30]} 15. Qxa6 {[%emt 0:00:30]} Nb8 {[%emt 0:00:30]} 16. Qb5 {[%emt 0:05:30]} Ne4 {[%emt 0:03:30]} 17. Qd3 {[%emt 0:04:30]} Qb7 {[%emt 0:00:30]} 18. Ne5 {[%emt 0:04:30]} Rfd8 {[%emt 0:01:30]} 19. Rfc1 {[%emt 0:08:30]} f6 {[%emt 0:05:30]} 20. Nc4 {[%emt 0:02:30]} f5 {[%emt 0:02:30]} 21. Qb1 {[%emt 0:11:30]} Qd5 {[%emt 0:04:30]} 22. Ne5 {[%emt 0:01:30]} Nd7 {[%emt 0:02:30]} 23. Nxd7 {[%emt 0:02:30]} Rxd7 {[%emt 0:00:30]} 24. Qb5 {[%emt 0:03:30]} Rdc7 {[%emt 0:07:30]} 25. a5 {[%emt 0:03:30]} cxd4 {[%emt 0:01:35]} 26. Qxd5 {[%emt 0:00:30]} exd5 {[%emt 0:00:25]} 27. axb6 {[%emt 0:00:30]} axb6 {[%emt 0:00:30]} 28. cxd4 {[%emt 0:00:30]} Rc2 {[%emt 0:03:07]} 29. f3 {[%emt 0:01:01]} Nd2 {[%emt 0:00:06]} 30. Rxc2 {[%emt 0:01:49]} Rxc2 {[%emt 0:00:06]} 31. Bd6 {[%emt 0:00:35]} Nc4 {[%emt 0:02:53]} 32. Be5 {[%emt 0:00:37]} g5 {[%emt 0:02:01]} 33. Re1 {[%emt 0:06:51]} Kf7 {[%emt 0:04:18]} 34. h3 {[%emt 0:02:48]} Ke6 {[%emt 0:00:42]} 35. e4 {[%emt 0:01:08]} fxe4 {[%emt 0:02:11]} 36. fxe4 {[%emt 0:00:08]} dxe4 {[%emt 0:00:30]} 37. Rxe4 {[%emt 0:00:10]} b5 {[%emt 0:00:03]} 38. Bg7+ {[%emt 0:02:11]} Kf7 {[%emt 0:02:21]} 39. Bh6 {[%emt 0:00:51]} Kg6 {[%emt 0:00:47]} 40. Re6+ {[%emt 0:00:16]} Kf5 {[%emt 0:00:07]} 41. Rc6 {[%emt 0:00:41]} Ne3 {[%emt 0:00:35]} 42. g4+ {[%emt 0:02:59]} Kf4 {[%emt 0:00:54]} 43. Rxc2 {[%emt 0:00:40]} Nxc2 {[%emt 0:00:03]} 44. d5 {[%emt 0:00:14]} b4 {[%emt 0:03:54]} 45. h4 {[%emt 0:02:41]} b3 {[%emt 0:00:44]} 46. Bxg5+ {[%emt 0:00:10]} Kxg4 {[%emt 0:00:24]} 47. Bf6 {[%emt 0:01:11]} Kf5 {[%emt 0:00:34]} 48. Bc3 {[%emt 0:01:07]} Ne3 {[%emt 0:00:12]} 49. d6 {[%emt 0:00:47]} Ke6 {[%emt 0:00:07]} 50. Bd4 {[%emt 0:00:45]} Kxd6 {[%emt 0:01:12]} 51. Kf2 {[%emt 0:00:05]} Nc4 {[%emt 0:00:21]} 52. Kf3 {[%emt 0:00:05]} Ke6 {[%emt 0:00:14]} 53. Ke4 {[%emt 0:00:32]} b2 {[%emt 0:00:13]} 0-1

[Event "33rd Pula Open 2019"]
[Site "Pula"]
[Date "2019.06.29"]
[Round "9.13"]
[White "Bozinovic, Bogdan"]
[Black "Filipovic, Branko"]
[Result "1/2-1/2"]
[WhiteElo "2194"]
[BlackElo "2371"]
[Annotator "NA"]
[PlyCount "137"]
[EventDate "2019.06.22"]
[EventType "swiss"]
[EventCountry "CRO"]
[SourceTitle "playchess.com"]
[Source "ChessBase"]
[SourceQuality "1"]
[TimeControl "5400+30"]

1. d4 {[%emt 0:00:30]} e6 {[%emt 0:01:30]} 2. c4 {[%emt 0:01:30]} b6 {[%emt 0:00:30]} 3. e4 {[%emt 0:00:30]} Bb4+ {[%emt 0:00:30]} 4. Bd2 {[%emt 0:00:30]} Bxd2+ {[%emt 0:00:30]} 5. Qxd2 {[%emt 0:00:30]} d5 {[%emt 0:00:00]} 6. cxd5 {[%emt 0:17:30]} exd5 {[%emt 0:00:00]} 7. Bb5+ {[%emt 0:02:30]} c6 {[%emt 0:01:30]} 8. Bd3 {[%emt 0:00:00]} dxe4 {[%emt 0:00:30]} 9. Bxe4 {[%emt 0:00:00]} Nf6 {[%emt 0:02:30]} 10. Bf3 {[%emt 0:00:30]} O-O {[%emt 0:00:30]} 11. Ne2 {[%emt 0:01:30]} Bg4 {[%emt 0:06:30]} 12. Bxg4 {[%emt 0:01:30]} Nxg4 {[%emt 0:00:30]} 13. Nbc3 {[%emt 0:08:30]} Na6 {[%emt 0:02:30]} 14. O-O {[%emt 0:02:30]} Nc7 {[%emt 0:02:30]} 15. Qf4 {[%emt 0:04:30]} Nf6 {[%emt 0:00:00]} 16. Qf3 {[%emt 0:00:30]} Ncd5 {[%emt 0:02:00]} 17. Rac1 {[%emt 0:01:30]} Rc8 {[%emt 0:00:30]} 18. Rfd1 {[%emt 0:01:30]} Qd6 {[%emt 0:01:30]} 19. Nxd5 {[%emt 0:06:30]} Qxd5 {[%emt 0:02:30]} 20. Qa3 {[%emt 0:01:30]} Qd7 {[%emt 0:01:30]} 21. Qf3 {[%emt 0:02:30]} Rfe8 {[%emt 0:10:30]} 22. Nf4 {[%emt 0:05:30]} Qd6 {[%emt 0:03:30]} 23. g3 {[%emt 0:02:30]} h6 {[%emt 0:00:30]} 24. Rc4 {[%emt 0:04:30]} Ne4 {[%emt 0:06:30]} 25. h4 {[%emt 0:03:30]} b5 {[%emt 0:05:30]} 26. Rc2 {[%emt 0:00:30]} Nf6 {[%emt 0:02:30]} 27. d5 {[%emt 0:07:30]} c5 {[%emt 0:01:30]} 28. Rdc1 {[%emt 0:04:24]} Nd7 {[%emt 0:07:30]} 29. Nd3 {[%emt 0:06:09]} c4 {[%emt 0:04:30]} 30. b3 {[%emt 0:00:34]} Nb6 {[%emt 0:01:30]} 31. bxc4 {[%emt 0:00:36]} bxc4 {[%emt 0:02:30]} 32. Nb2 {[%emt 0:03:27]} Qxd5 {[%emt 0:02:30]} 33. Qxd5 {[%emt 0:00:52]} Nxd5 {[%emt 0:00:30]} 34. Rxc4 {[%emt 0:01:07]} Rxc4 {[%emt 0:00:00]} 35. Nxc4 {[%emt 0:00:37]} Rc8 {[%emt 0:01:00]} 36. Rd1 {[%emt 0:01:34]} Nc3 {[%emt 0:00:30]} 37. Nd6 {[%emt 0:02:02]} Rd8 {[%emt 0:00:30]} 38. Rd2 {[%emt 0:00:27]} a6 {[%emt 0:00:30]} 39. Rc2 {[%emt 0:00:35]} Nxa2 {[%emt 0:00:30]} 40. Nxf7 {[%emt 0:00:13]} Kxf7 {[%emt 0:05:30]} 41. Rxa2 {[%emt 0:00:07]} Rd6 {[%emt 0:00:30]} 42. Rb2 {[%emt 0:00:32]} Re6 {[%emt 0:01:30]} 43. Ra2 {[%emt 0:01:46]} Ke7 {[%emt 0:01:30]} 44. Kg2 {[%emt 0:00:38]} Kd7 {[%emt 0:00:30]} 45. g4 {[%emt 0:00:18]} Kc7 {[%emt 0:00:00]} 46. Kg3 {[%emt 0:00:10]} Kb6 {[%emt 0:01:00]} 47. Kf4 {[%emt 0:00:37]} a5 {[%emt 0:00:30]} 48. h5 {[%emt 0:01:31]} Kb5 {[%emt 0:02:35]} 49. Rb2+ {[%emt 0:00:34]} Kc5 {[%emt 0:06:34]} 50. Rb7 {[%emt 0:00:18]} g6 {[%emt 0:00:31]} 51. hxg6 {[%emt 0:00:39]} Rxg6 {[%emt 0:00:01]} 52. Kf5 {[%emt 0:01:03]} Rg5+ {[%emt 0:01:09]} 53. Kf4 {[%emt 0:00:06]} a4 {[%emt 0:01:18]} 54. Rc7+ {[%emt 0:00:46]} Kb6 {[%emt 0:02:56]} 55. Rh7 {[%emt 0:00:15]} Rg6 {[%emt 0:00:01]} 56. Kf5 {[%emt 0:00:17]} Rc6 {[%emt 0:00:29]} 57. f4 {[%emt 0:01:29]} a3 {[%emt 0:01:11]} 58. Re7 {[%emt 0:00:20]} Kb5 {[%emt 0:03:53]} 59. g5 {[%emt 0:00:27]} Rc5+ {[%emt 0:01:26]} 60. Kg4 {[%emt 0:00:34]} hxg5 {[%emt 0:00:50]} 61. fxg5 {[%emt 0:00:21]} Rc4+ {[%emt 0:02:25]} 62. Kf5 {[%emt 0:00:21]} a2 {[%emt 0:01:39]} 63. Re1 {[%emt 0:00:08]} Rc5+ {[%emt 0:00:38]} 64. Kf6 {[%emt 0:00:14]} Rc6+ {[%emt 0:00:02]} 65. Kf7 {[%emt 0:00:14]} Rc7+ {[%emt 0:00:04]} 66. Kf6 {[%emt 0:00:13]} Rc2 {[%emt 0:00:09]} 67. Ra1 {[%emt 0:00:10]} Rf2+ {[%emt 0:00:12]} 68. Ke7 {[%emt 0:00:12]} Rg2 {[%emt 0:00:06]} 69. Kf6 {[%emt 0:00:05]} 1/2-1/2

[Event "33rd Pula Open 2019"]
[Site "Pula"]
[Date "2019.06.29"]
[Round "9.14"]
[White "Bochnicka, Vladimir"]
[Black "Pecnik, Leo"]
[Result "1/2-1/2"]
[WhiteElo "2169"]
[BlackElo "2334"]
[Annotator "ChessBase"]
[PlyCount "79"]
[EventDate "2019.06.22"]
[EventType "swiss"]
[EventCountry "CRO"]
[SourceTitle "playchess.com"]
[Source "ChessBase"]
[SourceQuality "1"]
[TimeControl "5400+30"]

1. e4 {[%emt 0:00:30]} d6 {[%emt 0:00:30]} 2. d4 {[%emt 0:00:00]} Nf6 {[%emt 0:00:00]} 3. Nc3 {[%emt 0:00:00]} e5 {[%emt 0:00:00]} 4. dxe5 {[%emt 0:03:30]} dxe5 {[%emt 0:00:00]} 5. Qxd8+ {[%emt 0:00:30]} Kxd8 {[%emt 0:00:00]} 6. Nf3 {[%emt 0:00:30]} Bd6 {[%emt 0:00:30]} 7. Bc4 {[%emt 0:03:30]} Be6 {[%emt 0:00:00]} 8. Bxe6 {[%emt 0:00:30]} fxe6 {[%emt 0:00:00]} 9. O-O {[%emt 0:00:00]} Ke7 {[%emt 0:00:30]} 10. Be3 {[%emt 0:00:00]} Nc6 {[%emt 0:00:30]} 11. a3 {[%emt 0:01:30]} h6 {[%emt 0:05:30]} 12. h3 {[%emt 0:01:30]} g5 {[%emt 0:01:30]} 13. g4 {[%emt 0:04:30]} Rag8 {[%emt 0:04:30]} 14. Kg2 {[%emt 0:03:30]} Nh7 {[%emt 0:06:30]} 15. Rad1 {[%emt 0:03:30]} Nf8 {[%emt 0:04:30]} 16. Ne2 {[%emt 0:02:30]} Na5 {[%emt 0:13:30]} 17. Nd2 {[%emt 0:01:30]} c5 {[%emt 0:00:00]} 18. c3 {[%emt 0:08:30]} b5 {[%emt 0:07:00]} 19. b4 {[%emt 0:00:30]} Nb7 {[%emt 0:00:00]} 20. Nb3 {[%emt 0:04:30]} Nd7 {[%emt 0:02:00]} 21. Rd2 {[%emt 0:08:30]} Rc8 {[%emt 0:07:30]} 22. Rfd1 {[%emt 0:08:30]} Nb6 {[%emt 0:06:30]} 23. Rxd6 {[%emt 0:20:30]} Nxd6 {[%emt 0:01:30]} 24. bxc5 {[%emt 0:00:30]} Ndc4 {[%emt 0:02:30]} 25. cxb6 {[%emt 0:00:00]} axb6 {[%emt 0:01:30]} 26. Bc1 {[%emt 0:05:22]} Rcd8 {[%emt 0:02:30]} 27. Nd2 {[%emt 0:02:25]} Rd3 {[%emt 0:06:30]} 28. Nxc4 {[%emt 0:00:40]} Rxd1 {[%emt 0:00:30]} 29. Nxe5 {[%emt 0:00:21]} Rc8 {[%emt 0:00:30]} 30. Be3 {[%emt 0:02:10]} Re1 {[%emt 0:00:00]} 31. Nd4 {[%emt 0:04:40]} Rxe3 {[%emt 0:00:00]} 32. fxe3 {[%emt 0:00:49]} Rxc3 {[%emt 0:00:30]} 33. Kf3 {[%emt 0:10:06]} Kf6 {[%emt 0:04:30]} 34. Nd7+ {[%emt 0:00:42]} Ke7 {[%emt 0:00:00]} 35. Ne5 {[%emt 0:00:13]} Rxa3 {[%emt 0:00:00]} 36. Nxb5 {[%emt 0:00:07]} Ra1 {[%emt 0:00:30]} 37. Nc6+ {[%emt 0:00:21]} Kd7 {[%emt 0:00:30]} 38. Ne5+ {[%emt 0:00:07]} Ke7 {[%emt 0:01:30]} 39. Nc6+ {[%emt 0:00:08]} Kd7 {[%emt 0:00:30]} 40. Ne5+ {[%emt 0:00:58]} 1/2-1/2